00478 2200193 4500001002100000005001500021008004100036020001800077035001900095041000600114082000800120090001400128100001600142245004200158260003000200300003000230500000600260650001800266INLIS00000000000590320241224113204241224||||||||| | ||| |||| ||  a979-552-322-8 0010-1224005903 a00 a003 a003 TIM m0 aTomi Paseri00aSoftware Untuk Semua Orang Access 7.0 aJakartabDinastindoc1997 ax, 218 hlm.; Ilus.: 24 cm a1 0aIlmu Komputer